000 00764nam a2200217 a 4500
001 BRCA_3846
005 20190320204440.0
008 161209s1999----sp-a######---#000-0#spa-#
020 _a8483061481
041 _aspa
044 _asp
050 4 _aNK1520
_b.G66 1999
100 1 _aGombrich, E. H.
_d1909-2001
_qErnst Hans
_910017
245 1 0 _aEl sentido del orden
_bestudio sobre la psicología de las artes decorativas
_cE. H. Gombrich.
260 _aMadrid
_bDebate
_c1999
300 _a412 p.
_bil. (algunas a color)
_c27 cm.
500 _aIncluye relación de ilustraciones, índice onomástico e índice de conceptos
500 _aTraducción de: The Sense of Order
650 1 4 _aDecoración y ornamentación
_zAspectos psicológicos
_910018
942 _2lcc
_cB
999 _c3574
_d3574